Những trò chơi giáo dục

Giới thiệu các kỹ năng bạn cần dạy nhất - giao tiếp, lắng nghe, thuyết trình, lãnh đạo, giải quyết vấn đề sáng tạo và mỗi trò chơi có thể được chơi dưới 30 phút và thực hiện với chi phí thấp hoặc miễn phí và tập trung vào các `chủ đ...

Descripción completa

Guardado en:
Detalles Bibliográficos
Autor principal: Scannell, Edward E.
Formato: Libro
Lenguaje:Undetermined
Publicado: Thành phố Hồ Chí Minh Trẻ 1999
Materias:
Etiquetas: Agregar Etiqueta
Sin Etiquetas, Sea el primero en etiquetar este registro!
Thư viện lưu trữ: Trung tâm Học liệu Trường Đại học Cần Thơ
LEADER 01253nam a2200217Ia 4500
001 CTU_237525
008 210402s9999 xx 000 0 und d
082 |a 658.312404 
082 |b S283 
100 |a Scannell, Edward E. 
245 0 |a Những trò chơi giáo dục 
245 0 |c Edward E. Scannell, John W. Newstrom ; Phạm Đình Thái (dịch) ; Nguyễn Thị Oanh (Hiệu đính) 
260 |a Thành phố Hồ Chí Minh 
260 |b Trẻ 
260 |c 1999 
520 |a Giới thiệu các kỹ năng bạn cần dạy nhất - giao tiếp, lắng nghe, thuyết trình, lãnh đạo, giải quyết vấn đề sáng tạo và mỗi trò chơi có thể được chơi dưới 30 phút và thực hiện với chi phí thấp hoặc miễn phí và tập trung vào các `chủ đề nóng'' ngày nay là xây dựng nhóm, các sáng kiến chất lượng và chất lượng trong dịch vụ khách hàng. 
526 |a Xã hội học giáo dục 
526 |b XN370 
650 |a Đào tạo quan hệ nhóm,Group relations training 
910 |b nthai 
980 |a Trung tâm Học liệu Trường Đại học Cần Thơ